000 00981nam a2200277 a 4500
001 000007208
003 DO-SdBNP
005 20221114091007.0
007 ta
008 090907s1992 dr a r 000 0 spa d
040 _aDO-SdBNP
_bspa
_cBNPHU
082 4 _a512.5076
_bC117a
_222
100 1 _aCabral Achécar, Quilvio Manuel
_919999
245 1 0 _aÁlgebra lineal /
_cQuilvio Manuel Cabral Achécar.
260 _aSanto Domingo :
_bUniversitaria -UASD,
_c1992.
300 _a188 p. :
_bil. ;
_c21 cm.
490 1 _aCiencia y tecnología
_v25
590 _aInventariado, 2018/BT
650 4 _aAlgebras linales
_xProblemas, ejercicios, etc.
_920000
650 4 _aAlgebra vectorial
_xProblemas, ejercicios, etc.
_920001
650 4 _aMatrices (matemáticas).
_xProblemas, ejercicios,etc.
_920002
650 4 _aDeterminantes
_xProblemas, ejercicios, etc.
_920003
830 0 _aCiencia y tecnología ;
_n25
_920004
910 _aValidado. Control de calidad. MMOLINA
942 _2ddc
_cLBS1
999 _c6989
_d6989